01004cam a2200217 a 4500020003200000082002100032100002800053245005100081260007800132300003400210520020200244526003700446650001300483650003300496650004300529710002500572856006000597942001200657999001900669952009800688 a1591242444 (electronic bk.) a620.1123bMEGcD1 aMegson, T. H. G.94117310aStructural and stress analysiscT.H.G. Megson. aOxford [England] ;aWoburn, Mass. :bButterworth-Heinemann,c2000, c1996. axii, 641 p. :bill. ;c25 cm. aThis book discusses the determination of the strength and stiffness of civil engineering structures - determining the loads they will support before failure and the displacements the loads produce. a0b0c0d620_112300000000000_MEG 0aMCE9379 0aStrains and stresses.928238 0aStructural analysis (Engineering)96542 aKnovel (Firm)94098140uhttp://www.columbia.edu/cgi-bin/cul/resolve?clio3333830 2ddccBK c545353d545353 00102ddc4070aMCEbMCEd2014-05-21l0o620.1123 MEGpMCE-44302r2014-05-21w2014-05-21yBK